000
00306nam a2200133Ia 4500
100
_a
Margolis/ Art
942
_c
BK
654
_a
Trouble
245
_a
Trouble Shooting & Repairng the new Personal computers
260
_b
BPB Publications
_a
New Delhi
300
_a
401
546
_a
ENGLISH
999
_c
27061
_d
27061